01094cam a2200277 a 450000100090000000300040000900500170001300800410003001000170007102000180008802000150010603500240012103500390014504000510018405000190023508200240025410000280027824501000030626000460040630000210045265000290047365000350050285600820053785600910061985601060071015070930OSt20210224151539.0071105s2008 miu 000 0 eng  a 2007045568 a9780310276609 a0310276608 a(OCoLC)ocn181368730 a(OCoLC)181368730z(OCoLC)166391545 aDLCcDLCdYDXdBAKERdYDXCPdBTCTAdOCLCGdDLC00aBT703.5bW132E00a248.8/42222bW132E1 aWagner, Richard,d1966-14aThe expeditionary man :bthe adventure a man wants, the leader his family needs /cRich Wagner. aGrand Rapids, Mich. :bZondervan,cc2008. a239 p. ;c23 cm. 0aMen (Christian theology) 0aChristian menxReligious life.413Table of contents onlyuhttp://www.loc.gov/catdir/toc/ecip084/2007045568.html423Publisher descriptionuhttp://www.loc.gov/catdir/enhancements/fy0805/2007045568-d.html423Contributor biographical informationuhttp://www.loc.gov/catdir/enhancements/fy0806/2007045568-b.html